Programa de Formación Docente Pedagógica. Curso de Aprendizaje y Evaluación. (Registro nro. 741)

Detalles MARC
000 -LEADER
fixed length control field 01009 am a2200313 a 4500
005 - FECHA ULTIMA MODIFICACION
control field 20240529102502.0
008 - CAMPO DE CONTROL (LIBRO)
fixed length control field 100917s1992||||ag d f |||| 001 0 spa d
020 ## - INTERNATIONAL STANDARD BOOK NUMBER
ISBN 9507100261
041 ## - CODIGO DE IDIOMA
Código de idioma del texto/pista de sonido o título separado spa
092 ## - SIGNATURA TOPOGRAFICA DEWEY LOCAL
número de clasificación 370.73
libristica 28
sección GAL
100 1# - ENTRADA PRINCIPAL--NOMBRE PERSONAL
Nombre personal Galli, Amanda
Función Coord.
9 (RLIN) 656
245 ## - TITULO PROPIAMENTE DICHO
Título Programa de Formación Docente Pedagógica. Curso de Aprendizaje y Evaluación.
Subtítulo y Título paralelo Vol.4 Estrategia de enseñanza /
Mención de responsabilidad y remanente de la transcripción de la portada Amanda Galli.
250 ## - MENCION DE EDICION
Mención de edición 1a ed.
260 ## - PIE DE IMPRENTA
Lugar de publicación, distribución, etc Buenos Aires:
Nombre de la editorial, distribuidor, etc OPS/OMS;
Fecha de publicación 1991.
300 ## - DESCRIPCION FISICA
Extension 94 p.
500 ## - NOTA GENERAL
Nota general Galli, A. et al. (1991). Programa de Formación Docente Pedagógica. Curso de Aprendizaje y Evaluación. Vol.4 Estrategia de enseñanza. (1a ed.). Buenos Aires : OPS/OMS.
653 ## - TÉRMINO INDIZADO - PALABRAS CLAVES
Palabra clave Formación docente
653 ## - TÉRMINO INDIZADO - PALABRAS CLAVES
Palabra clave Aprendizaje
653 ## - TÉRMINO INDIZADO - PALABRAS CLAVES
Palabra clave Evaluación
700 1# - ENTRADAS SECUNDARIAS - NOMBRE PERSONAL
Nombre personal Castro, Claudia.
9 (RLIN) 657
700 1# - ENTRADAS SECUNDARIAS - NOMBRE PERSONAL
Nombre personal Carrio, Silvia.
9 (RLIN) 658
700 1# - ENTRADAS SECUNDARIAS - NOMBRE PERSONAL
Nombre personal Ferrante, Adela.
9 (RLIN) 655
930 ## - NUMERO DE INVENTARIO
Número de inventario 346
930 ## - NUMERO DE INVENTARIO
Número de inventario 355
930 ## - NUMERO DE INVENTARIO
Número de inventario 410
930 ## - NUMERO DE INVENTARIO
Número de inventario 2167
930 ## - NUMERO DE INVENTARIO
Número de inventario 514
942 ## - ADDED ENTRY ELEMENTS (KOHA)
Source of classification or shelving scheme Dewey Decimal Classification
Item type Libros
Existencias
Estado de retiro Existencia Fuente de clasificación Estado general No para prestamo Ubicación permanente ubicación actual Sala de ubicación Fecha de adquisición Total Checkouts Número de clasificación Código de barras Date last seen Date last borrowed Número de ejemplar Price effective from Koha tipo de elemento (item) Public note Coded location qualifier Total Renewals
    Dewey Decimal Classification     Biblioteca Medicina Biblioteca Medicina Circulación 13/05/2011 1 370.73 28 GAL 346 13/05/2022 13/05/2022 ej.1 13/05/2011 Libros Hemeroteca 2022    
    Dewey Decimal Classification     Biblioteca Medicina Biblioteca Medicina Circulación 13/05/2011   370.73 28 GAL 410 06/11/2014   ej.3 13/05/2011 Libros Hemeroteca 2022    
    Dewey Decimal Classification     Biblioteca Medicina Biblioteca Medicina Circulación 13/05/2011   370.73 28 GAL 2167 06/11/2014   ej.4 13/05/2011 Libros Hemeroteca 2022    
    Dewey Decimal Classification     Biblioteca Medicina Biblioteca Medicina Circulación 13/05/2011 1 370.73 28 GAL 514 18/05/2026 21/05/2013 ej.5 13/05/2011 Libros Hemeroteca 2022    
    Dewey Decimal Classification     Biblioteca Medicina Biblioteca Medicina Referencia 06/09/2011 2 370.73 28 GAL 350 10/06/2022 19/05/2022 ej.2 06/09/2011 Libros LIBRO DE CATEDRA   8

UNIVERSIDAD NACIONAL DEL COMAHUE
Biblioteca de la Facultad de Ciencias Médicas
Sede Toschi: Los Arrayanes y Av. Toschi, Cipolletti  - Rio Negro
Sede Los Tordos:  Yrigoyen al 2211, Cipolletti - Rio Negro 

Teléfono: 0299 - 4774707 int 25
Contacto: biblioteca@facimed.uncoma.edu.ar
© 2011 - 2026